10 Greek Logos Sudden Death - Statistics

General Stats
  • This quiz has been taken 22 times
  • The average score is 4 of 10
Answers on the Grid
Answers color-coded by a green-red scale on the quiz's grid according to % correct below.
Δωδώνη Παγωτά
Τσακίρης Μαλλάς
Λουμίδης
Αφής
Άλτις
Μύθος
Παγωτομανία
Μπισκότα Μιράντα
Ετεκα
Το Χαμόγελο Του Παιδιού
Άλτις
Αρκτούρος
Creta Farm
Ερασπορ
Electronet
Απέλιστρα
Odeon
 
Answer Stats
Answer % Correct
Δωδώνη Παγωτά
67%
Odeon
56%
Ετεκα
44%
Creta Farm
44%
Λουμίδης
33%
Ερασπορ
33%
Αφής
22%
Μύθος
22%
Παγωτομανία
22%
Απέλιστρα
22%
No matching quizzes found
Score Distribution
Percent of People with Each Score
Percentile by Number Answered
Your Score History
You have not taken this quiz